000 00362nam a2200145Ia 4500
008 230711s9999||||xx |||||||||||||| ||und||
041 _aENG
082 _a621
_bBL-G
100 _aBlyth F.G.H
245 2 _aA geology for engineers
250 _a7th
260 _c1985
_aNew Delhi
_bCBS Publishers & Distributors Pvt.Ltd
650 _aCivil Engineering
942 _cBK
999 _c281
_d281